Word Ladder: Stop Making That Face Quiz Stats

Quiz Updated Feb 24, 2015

Challenge
Share
Tweet
Embed
Score 0/25 Timer 03:00
0 Plays Today
Clue 5-Letter Word % Correct
Van Morrison's '_____ Eyed Girl'BROWN
97.9%
Face that tells timeCLOCK
94.3%
Push a button on a mouseCLICK
93.7%
Black birdsCROWS
93.5%
:(FROWN
93.2%
Instrument for weighingSCALE
91.2%
ForeheadsBROWS
91%
'You ___ not pass!' - GandalfSHALL
89.6%
Footwear named after a reptileCROCS
89.1%
ReekSTINK
88.7%
:)SMILE
88.4%
Radiate, like the sunSHINE
88.1%
An earthenware potCROCK
88%
Clue 5-Letter Word % Correct
Knock over a drinkSPILL
87.9%
Oil-bearing sedimentary rockSHALE
85.9%
Author R.L. of GoosebumpsSTINE
85.6%
What shows on top if you're baldSCALP
84.7%
The slammerCLINK
84.6%
Move stealthilySLINK
84.1%
To promote or sellSHILL
79.6%
A spout to extract tree sapSPILE
77.4%
A unit of purchasable stockSHARE
75.8%
♯, musicallySHARP
75.6%
1953 Alan Ladd western classicSHANE
74.4%
A very steep bank or slopeSCARP
67.6%

Today's Daily Dose

You're not logged in!

Compare scores with friends on all Sporcle quizzes.
Sign Up with Email
OR
Log In

You Might Also Like...

Show Comments

Extras

Top Quizzes Today


Score Distribution

Your Account Isn't Verified!

In order to create a playlist on Sporcle, you need to verify the email address you used during registration. Go to your Sporcle Settings to finish the process.